000 00578nam a22001937a 4500
008 180713b xxu||||| |||| 00| 0 eng d
020 _a1119382928
040 _aKABU
_cKABU
050 _aQP34.5
_b.T67 2017
100 _aTortora, Gerard J.
245 _aTortora's principles of anatomy & physiology/
_cGerard J. Tortora, Bryan Derrickson
250 _aGlobal ed.
260 _aSingapore
_bWilley
_c2017
300 _a10 vol. (various pagings)
650 _aHuman physiology
650 _aHuman anatomy
700 _aDerrickson, Bryan
942 _2lcc
_cBK
_hQP34.5
999 _c16979
_d16979